Open heavens
Gespeichert in:
| 1. Verfasser: | |
|---|---|
| Format: | Buch |
| Sprache: | Englisch |
| Veröffentlicht: |
Tie Communications publishers,
2007.
|
| Tags: |
Tag hinzufügen
Keine Tags, Fügen Sie den ersten Tag hinzu!
|
MARC
| LEADER | 00000nam a22000007a 4500 | ||
|---|---|---|---|
| 008 | 210906b ||||| |||| 00| 0 eng d | ||
| 020 | |a 978-360794-4 | ||
| 100 | |a ADEBOYE, E. A. | ||
| 245 | |a Open heavens |c E. A. Adeboye | ||
| 260 | |b Tie Communications publishers, |c 2007. |h ] Lagos: |i 695000 |l BV4832 .Ad3 |m Bible – Devotional literature. |m Devotional calendar. | ||
| 500 | |a (A daily guide to close fellowship with God) | ||
| 942 | |a lcc |c BK |e j. o. ifatola |f 06/ 09/ 2021 | ||
| 952 | |0 0 |1 0 |2 lcc |4 0 |6 BV4832 A D3 |7 0 |9 3403 |a HOL |b HOL |c AF |d 2021-09-06 |l 0 |o BV4832 .Ad3 |p 2021-67110 |r 2021-09-06 00:00:00 |w 2021-09-06 |y BK | ||
| 999 | |c 1693 |d 1693 | ||